000
00318nam a22001337a 4500
008
181016b xxu||||| |||| 00| 0 eng d
020
_a
9781416047148
041
_a
eng
080
_2
4th
_a
610
100
_a
4
101
_a
SHM
245
_a
Essentials of Human Diseases and Conditions
_c
Frazier,M.S
942
_2
udc
_c
BK
999
_c
49924
_d
49924